000 00488nam a2200157 a 4500
001 000032549
005 20200930065711.0
008 110719s19uu dr 000 0 spa d
040 _aDO-SdBNP
_bspa
_cBNPHU
100 1 _aJunco Garza, Carlos
_958478
245 1 3 _aLa palabra nos congrega :
_b21 lecciones bĂ­blicas /
_cCarlos Junco Garza, Ruy Redon Leal.
260 _aSanto Domingo :
_bCEVREST,
_c[198?].
300 _a106 p. ;
_c28 cm.
700 1 _aRedon Leal, Ruy
_958479
049 _aBNPD
999 _c32040
_d32040